Unschuld Des Antenors: gewiesen Von einem Bekanten doch Unpartheischen

Saved in:  
Bibliographic Details
Contributors: Schupp, Johann Balthasar 1610-1661 (Other) ; Löw, Viktor de (Printer)
Format: Electronic Book
Language:German
Check availability: HBZ Gateway
WorldCat: WorldCat
Interlibrary Loan:Interlibrary Loan for the Fachinformationsdienste (Specialized Information Services in Germany)
Published: Altenau [Löw] 1659
In:Year: 1659
Further subjects:B Streitschrift:theol
Online Access: Volltext (Resolving-System)
Volltext (kostenfrei)
Sammlungen:

MARC

LEADER 00000cam a2200000 c 4500
001 590388673
003 DE-627
005 20260302120456.0
007 cr uuu---uuuuu
008 090130s1659 xx |||||o 00| ||ger c
024 7 |a urn:nbn:de:gbv:23-drucke/152-10-eth-5s1  |2 urn 
024 7 |a VD17 39:119758H  |2 vd17 
026 |e esd- rtnd e.t. mewe 3 1659A  |2 fei 
035 |a (DE-627)590388673 
035 |a (DE-576)9590388671 
035 |a (DE-599)GBV590388673 
035 |a (OCoLC)836828536 
040 |a DE-627  |b ger  |c DE-627  |e rakwb 
041 |a ger 
044 |c XA-DXDE 
084 |a 1  |2 ssgn 
245 0 0 |a Unschuld Des Antenors  |b gewiesen Von einem Bekanten doch Unpartheischen 
246 3 0 |a Bekannten Unparteiischen 
256 |a Digitalisierungsvorlage: Original 
264 1 |a Altenau  |b [Löw]  |c 1659 
300 |a [1] Bl, 80 S, [1] Bl  |c 12° 
336 |a Text  |b txt  |2 rdacontent 
337 |a Computermedien  |b c  |2 rdamedia 
338 |a Online-Ressource  |b cr  |2 rdacarrier 
500 |a Nicht ident. mit VD17 3:602766B (anderer Druck, anderer Fingerprint) 
500 |a Fingerprint nach Ex. der Herzog August Bibliothek 
500 |a Der Drucker wurde über den Erscheinungsort ermittelt. - Vorlageform des Erscheinungsvermerks: Gedruckt zu Altenau/ Im Jahr 1659. 
510 3 |a Dünnhaupt (2. Aufl.), S. 3892, F 15 
533 |a Online-Ausg.  |b Wolfenbüttel  |c Herzog August Bibliothek  |d 2008  |f dünnhaupt digital  |7 |2008|||||||||| 
535 1 |a HAB Wolfenbüttel  |3 A: 152.10 Eth. (5) 
540 |q DE-23  |a Nutzungsrecht: Herzog August Bibliothek Wolfenbüttel 
601 |a Unschuld 
655 7 |a Streitschrift:theol  |0 (DE-627)096633131  |2 local 
700 1 |0 (DE-588)118762672  |0 (DE-627)135606195  |0 (DE-576)209421452  |4 oth  |a Schupp, Johann Balthasar  |d 1610-1661 
700 1 |0 (DE-588)130070238  |0 (DE-627)707385873  |0 (DE-576)297980572  |4 prt  |a Löw, Viktor de 
856 4 0 |u http://diglib.hab.de/drucke/152-10-eth-5s/start.htm  |x Verlag  |z kostenfrei  |3 Volltext  |7 0 
856 4 0 |u http://nbn-resolving.de/urn:nbn:de:gbv:23-drucke/152-10-eth-5s1  |x Resolving-System  |3 Volltext  |7 1 
935 |a mteo 
935 |e Dünnhaupt (2. Aufl.), S. 3892, F 15  |g unter Johann Balthasar Schupp 
951 |a BO 
ELC |a 1 
LOK |0 000 xxxxxcx a22 zn 4500 
LOK |0 001 4926299178 
LOK |0 003 DE-627 
LOK |0 004 590388673 
LOK |0 005 20260302115217 
LOK |0 008 260302||||||||||||||||ger||||||| 
LOK |0 040   |a DE-Tue135  |c DE-627  |d DE-Tue135 
LOK |0 092   |o n 
LOK |0 852   |a DE-Tue135 
LOK |0 852 1  |9 00 
LOK |0 866   |x SPQUE#VD (Historische deutsche Nationalbibliographie)#SPSAM#VD17 
LOK |0 935   |a ixvd  |a ixv7 
LOK |0 939   |a 02-03-26  |b l01 
OAS |a 1 
ORI |a TA-MARC-ixtheoa001.raw